00225nam a2200085Ia 450000100070000000500170000700800410002424500490006526000250011472522320250826163405.0250824s9999 xx 000 0 und d 0aBEN ÇOCUKSAM EĞERcBEYZA NUR DEMİRCİ bKAYALIPARK YAYINLARI